ბათუმის შოთა რუსთაველის სახელმწიფო უნივერსიტეტის ბიბლიოთეკა

The Literary Guide To The Bible / (ბიბ.ჩანაწერი № 61367)

000 -LEADER
fixed length control field 00701nam a22001937a 4500
005 - DATE AND TIME OF LATEST TRANSACTION
control field 20240226110316.0
008 - FIXED-LENGTH DATA ELEMENTS--GENERAL INFORMATION
fixed length control field 240226s1997 enk||||| |||| 00| 0 eng d
020 ## - INTERNATIONAL STANDARD BOOK NUMBER
International Standard Book Number 0006388701x
041 ## - LANGUAGE CODE
Language code of text/sound track or separate title eng
080 ## - UNIVERSAL DECIMAL CLASSIFICATION NUMBER
Universal Decimal Classification number 821+27 The 44
245 ## - TITLE STATEMENT
Title The Literary Guide To The Bible /
Statement of responsibility, etc. Edited Robert Alter and Frank Kermode.
264 ## - PRODUCTION, PUBLICATION, DISTRIBUTION, MANUFACTURE, AND COPYRIGHT NOTICE
Place of production, publication, distribution, manufacture London :
Name of producer, publisher, distributor, manufacturer Fontana Press,
Date of production, publication, distribution, manufacture, or copyright notice 1997.
300 ## - PHYSICAL DESCRIPTION
Extent 678 p. ;
Other physical details 20 cm.
653 ## - INDEX TERM--UNCONTROLLED
keyword ბიბლიის ლიტერატურული გზამკვლევი
653 ## - INDEX TERM--UNCONTROLLED
keyword რელიგია
700 ## - ADDED ENTRY--PERSONAL NAME
Personal name Alter, Robert
Relator term რედაქტორი
9 (RLIN) 21286
700 ## - ADDED ENTRY--PERSONAL NAME
Personal name Kermode, Frank
Relator term რედაქტორი
9 (RLIN) 21287
942 ## - ADDED ENTRY ELEMENTS (KOHA)
Source of classification or shelving scheme
Koha item type წიგნი
ეგზემპლარები
Withdrawn status Lost status Source of classification or shelving scheme Damaged status Not for loan Permanent Location Current Location Shelving location Date acquired Cost, normal purchase price Full call number Barcode Date last seen Copy number Uniform Resource Identifier Price effective from Koha item type Public note
          ბათუმის შოთა რუსთაველის სახელმწიფო უნივერსიტეტის მთავარი ბიბლიოთეკა ბათუმის შოთა რუსთაველის სახელმწიფო უნივერსიტეტის მთავარი ბიბლიოთეკა წიგნსაცავი 2024-02-26 8.00 821+27 The 44 67588 2024-02-26 67588 ნაჩუქარი 2024-02-26 წიგნი 8 ლ.